000 00276nam a22001217a 4500
008 180427b xxu||||| |||| 00| 0 eng d
041 _aeng
080 _a043.3
100 _a0
101 _aARK-BTH
245 _aInstitucion parashkollor-qerdhe
_cKrasniqi,G
942 _2udc
_cBK
999 _c45632
_d45632